000
00319nam a2200121Ia 4500
008
230627s9999 xx 000 0 und d
041
_a
mar
082
_a
346.059
_b
SIN
100
_a
Singh G.P
245
_a
Equity Trusts Mortgages And Fudiciary Relations
250
_a
7ed.
260
_a
Allahabad
_b
Kamal Law House
_c
2001
999
_c
687181
_d
687181